00952nam a2200241 a 450000100060000000300080000600500170001400800410003103500190007204000270009104100130011808200240013110000330015524501150018825000120030326000810031530000210039650000720041750400660048994200120055599900170056795201260058456589BD-RjUL20211209080419.0161201s1997 ir b 001 0 eng  a(BD-RjUL)56713 aDLCcDLCbengdBD-RjUL1 aenghper 223a297.5bMUC 19971 aMusawi Lar, Mujtaba916831710aEthics and spiritual growth /cSayyid Mujtabā Mūsawī Lārī ; translated by Alī Qulī Qarā ̕ī. a1st ed. aQum, Iran :bFoundation of Islamic Cultural Propagation in the World,c1997. a438 p. ;c22 cm. aSummary of this book was published in the journal Maktab-e Islām. aIncludes bibliographical references (p. 425-430) and indexes. 2ddccBK c56589d56589 00102ddc40718NFICaRUCLbRUCLcReadingd2001-12-11g0.00l0o297.5 MUC 1997r2016-12-01 00:00:00tC-1w2016-12-01yBK